Germany all time starting xi - Statistics

General Stats
  • This quiz has been taken 282 times
    57 since last reset
  • The average score is 9 of 11
Answer Stats
Hint Answer % Correct
FW(1966-1974 Gerd Müller
98%
GK(2009-2024 Manuel Neuer
98%
MF(2010-2024 Thomas Müller
98%
DF2004-2014 Philip Lahm
96%
DF(1965-1977 Franz Beckenbauer
94%
FW(2001-2014 Miroslav Klose
94%
MF(2004-2016 Bastian Schweinsteiger
88%
MF(2010-2024 Toni Kroos
86%
DF(1980-2000 Lothar Matthäus
66%
FW(2004-2017 Lukas Podolski
56%
DF(1967-1978 Berti Vogts
26%
No matching quizzes found
Score Distribution
Percent of People with Each Score
Percentile by Number Answered
Your Score History
You have not taken this quiz since the last reset